<?xml version="1.0" encoding="UTF-8"?>
<record
    xmlns:xsi="http://www.w3.org/2001/XMLSchema-instance"
    xsi:schemaLocation="http://www.loc.gov/MARC21/slim http://www.loc.gov/standards/marcxml/schema/MARC21slim.xsd"
    xmlns="http://www.loc.gov/MARC21/slim">

  <leader>01080nam a2200229 a 4500</leader>
  <controlfield tag="001">85579</controlfield>
  <controlfield tag="003">BD-RjUL</controlfield>
  <controlfield tag="005">20250827105232.0</controlfield>
  <controlfield tag="008">250827s1959    ii ||||| |||| 00| 0 urd d</controlfield>
  <datafield tag="035" ind1=" " ind2=" ">
    <subfield code="a">(BD-RjUL)</subfield>
  </datafield>
  <datafield tag="040" ind1=" " ind2=" ">
    <subfield code="a">BD-RjUL</subfield>
    <subfield code="b">eng</subfield>
    <subfield code="c">BD-RjUL</subfield>
  </datafield>
  <datafield tag="041" ind1=" " ind2=" ">
    <subfield code="a">urd</subfield>
  </datafield>
  <datafield tag="082" ind1=" " ind2=" ">
    <subfield code="2">23</subfield>
    <subfield code="a">891.4396</subfield>
    <subfield code="b">AZN 1959</subfield>
  </datafield>
  <datafield tag="100" ind1=" " ind2=" ">
    <subfield code="a">&#x627;&#x632;&#x627;&#x62F;&#x60C;  &#x627;&#x628;&#x648;&#x627;&#x644;&#x6A9;&#x644;&#x627;&#x645;  ;;  Azad, Abul Kalam</subfield>
  </datafield>
  <datafield tag="245" ind1=" " ind2=" ">
    <subfield code="a">&#x646;&#x642;&#x634; &#x622;&#x632;&#x627;&#x62F; : &#x6CC;&#x639;&#x646;&#x6CC; &#x645;&#x648;&#x644;&#x627;&#x646;&#x627; &#x627;&#x628;&#x648; &#x627;&#x644;&#x6A9;&#x644;&#x627;&#x645; &#x622;&#x632;&#x627;&#x62F; &#x645;&#x631;&#x62D;&#x648;&#x645; &#x648; &#x645;&#x63A;&#x641;&#x648;&#x631; &#x6A9;&#x6D2; &#x648;&#x6C1; &#x645;&#x6A9;&#x627;&#x62A;&#x6CC;&#x628; &#x62C;&#x648; &#x645;&#x6CC;&#x631;&#x6D2; &#x646;&#x627;&#x645; &#x622;&#x626;&#x6D2; &#x646;&#x6CC;&#x632; &#x628;&#x639;&#x636; &#x62F;&#x648;&#x633;&#x631;&#x6CC; &#x62A;&#x62D;&#x631;&#x6CC;&#x631;&#x627;&#x62A; &#x648; &#x645;&#x6A9;&#x627;&#x62A;&#x6CC;&#x628; / Naqsh-i &#x100;z&#x101;d : ya&#x2BB;n&#x12B; Maul&#x101;n&#x101; Ab&#x16B;lkal&#x101;m &#x100;z&#x101;d mar&#x1E25;&#x16B;m va mag&#x332;h&#x332;f&#x16B;r ke vuh mak&#x101;t&#x12B;b jo mere n&#x101;m &#x101;&#x2BC;e n&#x12B;z ba&#x2BB;z&#x324; d&#x16B;sr&#x12B; ta&#x1E25;r&#x12B;r&#x101;t va mak&#x101;t&#x12B;b /</subfield>
    <subfield code="c">&#x627;&#x628;&#x648;&#x627;&#x644;&#x6A9;&#x644;&#x627;&#x645;  &#x627;&#x632;&#x627;&#x62F; &#x61B;  &#x63A;&#x644;&#x627;&#x645; &#x631;&#x633;&#x648;&#x644; &#x645;&#x6C1;&#x631;/ [murattib], G&#x332;h&#x332;ul&#x101;m Ras&#x16B;l Mahr, Ab&#x16B;lkal&#x101;m &#x100;z&#x101;d</subfield>
  </datafield>
  <datafield tag="250" ind1=" " ind2=" ">
    <subfield code="a">2nd. ed.</subfield>
  </datafield>
  <datafield tag="260" ind1=" " ind2=" ">
    <subfield code="a">Lahore : </subfield>
    <subfield code="b">Kitab Manjil, </subfield>
    <subfield code="c">1959</subfield>
  </datafield>
  <datafield tag="300" ind1=" " ind2=" ">
    <subfield code="a">260 p. ;</subfield>
    <subfield code="c">23 cm</subfield>
  </datafield>
  <datafield tag="650" ind1=" " ind2=" ">
    <subfield code="a">Urdu Literature</subfield>
  </datafield>
  <datafield tag="700" ind1=" " ind2=" ">
    <subfield code="a">&#x63A;&#x644;&#x627;&#x645; &#x631;&#x633;&#x648;&#x644;  , &#x645;&#x6C1;&#x631; </subfield>
    <subfield code="9">16674</subfield>
  </datafield>
  <datafield tag="942" ind1=" " ind2=" ">
    <subfield code="2">ddc</subfield>
    <subfield code="c">BK</subfield>
  </datafield>
  <datafield tag="999" ind1=" " ind2=" ">
    <subfield code="c">85579</subfield>
    <subfield code="d">85579</subfield>
  </datafield>
  <datafield tag="952" ind1=" " ind2=" ">
    <subfield code="0">0</subfield>
    <subfield code="1">0</subfield>
    <subfield code="2">ddc</subfield>
    <subfield code="4">0</subfield>
    <subfield code="7">1</subfield>
    <subfield code="8">NFIC</subfield>
    <subfield code="a">RUCL</subfield>
    <subfield code="b">RUCL</subfield>
    <subfield code="c">Reading</subfield>
    <subfield code="d">2025-08-27</subfield>
    <subfield code="l">0</subfield>
    <subfield code="o">U 891.4396 AZN 1959</subfield>
    <subfield code="r">2025-08-27 00:00:00</subfield>
    <subfield code="t">C-2</subfield>
    <subfield code="w">2025-08-27</subfield>
    <subfield code="y">BK</subfield>
  </datafield>
</record>
